Normal view
MARC view
- الجرائم ضد الأفراد - التحقير- الجرائم الحاسوبية- الحواسيب
Entry Topical Term
001 - CONTROL NUMBER
- control field: 59528
003 - CONTROL NUMBER IDENTIFIER
- control field: JO-AjAnu
005 - DATE AND TIME OF LATEST TRANSACTION
- control field: 20230606083732.0
008 - FIXED-LENGTH DATA ELEMENTS
- fixed length control field: 230606|| aca||aabn | a|a d
040 ## - CATALOGING SOURCE
- Original cataloging agency: JO-AjAnu
- Transcribing agency: JO-AjAnu
150 ## - HEADING--TOPICAL TERM
- Topical term or geographic name entry element: الجرائم ضد الأفراد - التحقير- الجرائم الحاسوبية- الحواسيب
670 ## - SOURCE DATA FOUND
- Source citation: Work cat.: (JO-AjAnu)30360: الحيط، عادل عزام سقف, author 59527, جرائم الذم والقدح والتحقير المرتكبة عبر الوسائط الالكترونية: شبكة الانترنت وشبكة الهواتف النقالة وعبر الوسائط التقليدية والآلية والمطبوعات: دراسة قانونية مقارنة